000 00441nam a22001337a 4500
041 _aENG
082 _a181.482
_bFOR
100 _aFort, Andrew Osmun
245 _aTuriya and the Catuspad Doctrine in Advaita Vedanta: An Inquiry into an Indian " States of Consciousness" Doctrine
260 _aPennsylvania
_c1982
300 _a193
650 _aPenn dissertations -- Religious studies
_aReligious studies -- Penn dissertations
942 _cBK
999 _c22746
_d22746